| 000 | 00720nam a2200217Ii 4500 | ||
|---|---|---|---|
| 003 | JO-AjNU | ||
| 008 | 230605s9999||||xx |||||||||||||| ||und|| | ||
| 017 | _a2009/3/1015 | ||
| 040 |
_aJO-AjNU _bara _erda _cJO-AjNU |
||
| 041 | _aara | ||
| 050 | 1 | 4 | _aJZ1242.A4422.2010 |
| 100 | 3 |
_a العلاق ، بشير , _eauthor _928690 |
|
| 245 | 0 | 0 | _aالعلاقات العامة الدولية |
| 250 | _a(د،ط) | ||
| 264 | 3 | 1 | _aعمان : دار اليازوري ، 2009 |
| 300 | _a191ص | ||
| 336 |
_atext _btxt _2rdacontent |
||
| 337 |
_aunmediated _bn _2rdamedia |
||
| 338 |
_avolume _bnc _2rdacarrier |
||
| 650 | 4 |
_aالعلاقات الدولية -- العلاقات العامة -- الدبلوماسية _928691 |
|
| 999 |
_aA11159 _c14727 _d14727 |
||